Aportes de la televisión universitaria a las industrias culturales y creativas en Iberoamérica (Record no. 180900)

MARC details
000 -CABECERA
campo de control de longitud fija 01949nab a2200265 a 4500
005 - FECHA Y HORA DE LA ÚLTIMA TRANSACCIÓN
campo de control 20250813100850.0
008 - ELEMENTOS DE LONGITUD FIJA--INFORMACIÓN GENERAL
campo de control de longitud fija 991125c2015 sp fr p o 000 0 spa d
035 ## - NÚMERO DE CONTROL DEL SISTEMA
Número de control de sistema UPN01000208799
040 ## - FUENTE DE LA CATALOGACIÓN
Centro catalogador/agencia de origen MX-MxUPN
Lengua de catalogación spa
Centro/agencia transcriptor MX-MxUPN
Normas de descripción aacr2
049 ## - COLECCIÓN
Colección ART-E
100 1# - ASIENTO PRINCIPAL--NOMBRE PERSONAL
Nombre de persona Cabero Almenara, Julio
9 (RLIN) 34761
100 1# - ASIENTO PRINCIPAL--NOMBRE PERSONAL
Filiación cabero@us.es
245 10 - MENCIÓN DE TÍTULO
Título Aportes de la televisión universitaria a las industrias culturales y creativas en Iberoamérica
506 0# - NOTA DE RESTRICCIONES AL ACCESO
Limitaciones de acceso Acceso abierto
520 3# - NOTA DE RESUMEN, ETC.
Sumario, etc. La televisión está sufriendo en los últimos tiempos una serie de transformaciones significativas, como consecuencia de la tendencia de los usuarios a deslocalizarla de los escenarios donde tradicionalmente se observaba y a su observación a través de múltiples pantallas. Todo ello como consecuencia de la situación “trasnmedia” en la cual nos vemos inmerso. Y en esta situación se ve inmersa la televisión universitaria, televisión que frente a la comercial se encuentra en una buena situación para investigar en nuevos lenguajes y formatos, favorecer la creación de los proconsumidores, y facilitar la alfabetización mediática de la ciudadanía. Para finalizar, en el artículo se analizan las posibilidades que la televisión universitaria ofrece a las industrias culturales, que se analizan desde diferentes perspectivas: adquisición de productos audiovisuales, la formación de profesionales, la investigación en nuevos formatos, lenguajes y estéticas, y la incorporación al universo mediático televisivo de nuevos medios y recursos.
650 #2 - ASIENTO SECUNDARIO DE MATERIA - TERMINO TEMATICO
Término de materia o nombre geográfico como elemento de entrada Industrias culturales
9 (RLIN) 22102
650 #4 - ASIENTO SECUNDARIO DE MATERIA - TERMINO TEMATICO
Término de materia o nombre geográfico como elemento de entrada Lenguaje
9 (RLIN) 3841
653 0# - TERMINO DE INDIZACION - NO CONTROLADO
Término no controlado Televisión universitaria
653 0# - TERMINO DE INDIZACION - NO CONTROLADO
Término no controlado Formato televisivo
773 ## - ENLACE AL DOCUMENTO FUENTE/ENTRADA DE REGISTRO ANFITRIÓN
Parte(s) relacionada(s) Vol. 4, no. 2 (2015), p. 7-28
Título Edmetic : revista de educación mediática y tic
Número Internacional Normalizado para Publicaciones Seriadas 2254-0059
856 4# - LOCALIZACIÓN Y ACCESO ELECTRÓNICOS
Identificador Uniforme del Recurso <a href="https://journals.uco.es/edmetic/article/view/3960">https://journals.uco.es/edmetic/article/view/3960</a>
902 ## - ELEMENTOS DE DATOS B LOCAL, LDB (RLIN)
Creó Gloria Jiménez/130825
905 ## - TIPO DE MATERIAL
Tipo de material Articulo
942 ## - ELEMENTOS DE PUNTO DE ACCESO ADICIONAL (KOHA)
Tipo de ítem Koha Artículo Electrónico
Holdings
Estado de retiro Estado de pérdida Estado dañado No para préstamo Código de colección Localización permanente Ubicación/localización actual Ubicación en estantería Fecha de adquisición Total de préstamos Fecha visto por última vez Identificador Uniforme del Recurso Precio válido a partir de Tipo de ítem Koha
        Acceso abierto Bib. Gregorio Torres Quintero Bib. Gregorio Torres Quintero En línea 13/08/2025   13/08/2025 https://journals.uco.es/edmetic/article/view/3960 13/08/2025 Artículo Electrónico